000 00366nam a22001217a 4500
008 161031b xxu||||| |||| 00| 0 eng d
050 _aJA26.J68(1986 Vol.64)
245 _aPublic Administration ./
_cEdited by J.M.Lee and Chiristopher Pollitt
250 _a Vol.64
260 _aLondon .:
_bBlackwell publisher,
_c1986.
300 _a482pgs.:
_c24 cm.
942 _2lcc
_cBK
999 _c6075
_d13575